Counseling theory and practice (Record no. 1384336)

MARC details
000 -LEADER
fixed length control field 00676nam a2200241Ia 4500
005 - DATE AND TIME OF LATEST TRANSACTION
control field 20250508163616.0
008 - FIXED-LENGTH DATA ELEMENTS--GENERAL INFORMATION
fixed length control field 008 250505s9999 xx 000 0 eng d
020 ## - INTERNATIONAL STANDARD BOOK NUMBER
International Standard Book Number 0-13-181314-5
037 ## - SOURCE OF ACQUISITION
Stock number Reference
040 ## - CATALOGING SOURCE
Original cataloging agency FEDL
Language of cataloging eng
Transcribing agency FEDL
041 ## - LANGUAGE CODE
Language code of text/sound track or separate title eng
Source of code eng
084 ## - COLON CLASSIFICATION NUMBER
Classification number 158.3, GEO
Assigning agency FEDL
100 ## - MAIN ENTRY--PERSONAL NAME
Personal name George Rickey L
245 #0 - TITLE STATEMENT
Title Counseling theory and practice
250 ## - EDITION STATEMENT
Edition statement 3
260 ## - PUBLICATION, DISTRIBUTION, ETC.
Place of publication, distribution, etc. New Jersey, USA
Name of publisher, distributor, etc. Prentice-Hall
Date of publication, distribution, etc. 1990
300 ## - PHYSICAL DESCRIPTION
Extent xvi,288p.
365 ## - TRADE PRICE
Price type code USD
Price amount 51.95
650 ## - SUBJECT ADDED ENTRY--TOPICAL TERM
Topical term or geographic name entry element Counseling; Psychotherapy; Counseling
9 (RLIN) 775740
700 ## - ADDED ENTRY--PERSONAL NAME
Personal name Cristiani Therese S
9 (RLIN) 775741
942 ## - ADDED ENTRY ELEMENTS (KOHA)
Koha item type Reference
Classification part 158.3, GEO
Holdings
Withdrawn status Lost status Damaged status Not for loan Home library Current library Date acquired Cost, normal purchase price Total Checkouts Full call number Barcode Date last seen Price effective from Koha item type
        Department of Education Library Department of Education Library 2025-05-08 51.95   158.3, GEO EL0077794 2025-05-08 2025-05-08 Reference
Copyright @ Delhi University Library System